Inventions - What Came First (or Last) - Statistics

General Stats
  • This quiz has been taken 27 times
  • The average score is 4 of 10
Answer Stats
Question Answer % Correct
What came last Podcasts
71%
What came last? Banking Apps
64%
What came first? Tetris
64%
What came first? Steam Locomotives
58%
What came last? Chat-GPT
56%
What came first? YouTube
47%
What came first? Writing
44%
What came first? Polyester
38%
What came first? Pendulum Clocks
27%
What came last? The Lightning Rod
27%
What came last? The Microwave Oven
27%
What came last? Friction Matches
24%
What came last? Articulated Trams
21%
What came first? Solar Sails
21%
What came first? X-rays
14%
No matching quizzes found
Score Distribution
Percent of People with Each Score
Percentile by Number Answered
Your Score History
You have not taken this quiz